000 01449nam a2200229Ia 4500
003 Ost
005 20260507075539.0
008 260507s9999||||xx |||||||||||||| ||und||
040 _cfsecg
041 _aara
082 _a658.4013
100 _aجاد الرب، سيد محمد
_eمؤلف
245 0 _aاستراتيجيات تطوير وتحسين الأداء :
_bالأطر المنهجية والتطبيقات العملية /
_c سيد محمد جاد الرب
260 _aالقاهرة:
_bمطبعة العشري,
_c2009
300 _a490 صفحة؛
_bإيضاحات ؛
_c24 سم
490 _aسلسلة مراجع إدارة الأعمال
504 _aبيبليوغرافيا: ص.487
520 _aيضم إدارة التغيير والتطوير التنظيمي، عمليات إدارة وتقييم الأداء، استراتيجيات تدريب الموارد البشرية، إعادة هندسة العمليات، تدريب وتطوير الموارد البشرية، تخطيط المسار الوظيفي لتطوير أداء العاملين، إستراتيجيات مشاركة وتمكين العاملين منهج جودة الحياة الوظيفية، استراتيجيات التحفيز والمكافآت، إدارة تكنولوجيا المعلومات، تطوير وتحسين الآداء
653 _aإدارة الأفراد
653 _aتقييم الأداء
942 _cكتاب
999 _c44858
_d44858